I am a T. Rex! / (Record no. 5905)

MARC details
000 -LEADER
fixed length control field 01031cam a22003371a 4500
001 - CONTROL NUMBER
control field 5905
003 - CONTROL NUMBER IDENTIFIER
control field FISKH
005 - DATE AND TIME OF LATEST TRANSACTION
control field 20250224091504.0
008 - FIXED-LENGTH DATA ELEMENTS--GENERAL INFORMATION
fixed length control field 090206s2010 nyua j 000 1 eng
010 ## - LIBRARY OF CONGRESS CONTROL NUMBER
LC control number 2009922541
020 ## - INTERNATIONAL STANDARD BOOK NUMBER
International Standard Book Number 9780375858062
020 ## - INTERNATIONAL STANDARD BOOK NUMBER
International Standard Book Number 9780448454436
040 ## - CATALOGING SOURCE
Original cataloging agency DLC
Transcribing agency DLC
Language of cataloging eng
050 ## - LIBRARY OF CONGRESS CALL NUMBER
Classification number PZ7 .I
082 ## - DEWEY DECIMAL CLASSIFICATION NUMBER
Classification number 823.92
100 1# - MAIN ENTRY--PERSONAL NAME
Personal name Shealy, Dennis R.,
Dates associated with a name 1969-
245 10 - TITLE STATEMENT
Title I am a T. Rex! /
Statement of responsibility, etc. by Dennis R. Shealy ; illustrated by Brian Biggs.
260 ## - PUBLICATION, DISTRIBUTION, ETC.
Place of publication, distribution, etc. New York :
Name of publisher, distributor, etc. Grosset & Dunlap,
Date of publication, distribution, etc. 2010.
300 ## - PHYSICAL DESCRIPTION
Extent 34 unnumbered pages :
Other physical details color illustrations ;
Dimensions 21 cm
500 ## - GENERAL NOTE
General note "A Golden book."
505 ## - FORMATTED CONTENTS NOTE
Formatted contents note F<br/>
520 ## - SUMMARY, ETC.
Summary, etc. A small T. Rex dinosaur describes who he is and how he spends his day.
521 8# - TARGET AUDIENCE NOTE
Target audience note 300<br/>
Source Lexile estimate<br/>
521 8# - TARGET AUDIENCE NOTE
Target audience note F<br/>
Source Raz-Plus<br/><br/>
650 #1 - SUBJECT ADDED ENTRY--TOPICAL TERM
Topical term or geographic name entry element Tyrannosaurus rex
Form subdivision Fiction.
650 #1 - SUBJECT ADDED ENTRY--TOPICAL TERM
Topical term or geographic name entry element Dinosaurs
Form subdivision Fiction.
700 1# - ADDED ENTRY--PERSONAL NAME
Personal name Biggs, Brian,
Relator term illustrator
906 ## - LOCAL DATA ELEMENT F, LDF (RLIN)
a 7
b cbc
c orignew
d 2
e epcn
f 20
g y-gencatlg
942 ## - ADDED ENTRY ELEMENTS (KOHA)
Source of classification or shelving scheme Dewey Decimal Classification
Koha item type Books
Suppress in OPAC No
Holdings
Withdrawn status Lost status Source of classification or shelving scheme Damaged status Not for loan Collection Home library Current library Shelving location Date acquired Total Checkouts Full call number Barcode Date last seen Date last checked out Price effective from Koha item type
    Dewey Decimal Classification     Juvenile Fiction Footprints International School Library Network Toul Kork Campus Footprints International School Library Network Toul Kork Campus TK Primary Library Room(4th Floor), Bookcase 7, Shelves 57-60, Dark Green Books 02/03/2025 1 BAR 823.92 PZ7 .I FISTK01503 02/19/2025 02/13/2025 02/03/2025 Books